000 00823nam a2200241 i 4500
003 DO-SdBNP
005 20241113103630.0
007 ta
008 230413b2000 dr ac||| |||| 00| 0 spa d
040 _aDO-SdBNP
_bspa
_cBNPHU
_erda
082 4 _axxx
_bxxx
_222
245 1 0 _aImagenes de mi región :
_bguía turística del suroeste, historia y recursos naturales /
_cCarlos Julio Pérez
264 4 _aSanto Domingo :
_bConadex,
_c2000.
300 _a166 páginas :
_bilustraciones y retratos ;
_c23 cm.
336 _atexto
_btxt
_2rdacontent
337 _asin mediación
_bn
_2rdamedia
338 _avolumen
_bnc
_2rdacarrier
500 _aIncluye datos biográficos del autor en la contracubierta
504 _aBibliografía : páginas 161-164
590 _aInventariado, 2024/BT
910 _aBtavárez
942 _2ddc
_cLBS1
999 _c53247
_d53247